000 01428nam a2200241Ia 4500
003 Ost
005 20260507075106.0
008 260507s9999||||xx |||||||||||||| ||und||
020 _a9789961005057
040 _cfsecg
041 _aara
082 _a658.503
100 _aعدون، ناصر دادي
_eمؤلف
245 0 _aالإدارة والتخطيط الإستراتيجي /
_c ناصر دادي عدون
250 _aطبعة 3
260 _aالجزائر:
_bديوان المطبوعات الجامعية,
_c2017
300 _a190 صفحة؛
_bإيضاحات ؛
_c24 سم
504 _aالمراجع ص.185
520 _a الإستراتيجية بالمؤسسة الإقتصادية- الإستراتيجية وسياسة المؤسسة- الاستراتيجية والاهداف- التخطيط وأنواع نظام التخطيط الأستراتيجي- التخطيط الإستراتيجي في المؤسسة الإقتصادية العمومية- التحليل الإستراتيجي بالطرق الحديثة- إدارة واتخاذ القرارات في المؤسسةة الإقتصادية- الإدارة ونظام معلومات التسيير- التخطيط الإستراتيجي في المؤسسة الجزائرية خلال الثمانينات في اقتصاد السوق.
653 _aالإدارة
653 _aالتخطيط الإستراتيجي
942 _cكتاب
999 _c42823
_d42823